Churchill
Guardado en:
| Autor principal: | |
|---|---|
| Otros Autores: | |
| Formato: | Libro |
| Lenguaje: | inglés español |
| Publicado: |
Madrid, España
Avarigani editores, S.A.U.
2016
|
| Edición: | Primera edición |
| Colección: | Historia
|
| Materias: | |
| Etiquetas: |
Agregar Etiqueta
Sin Etiquetas, Sea el primero en etiquetar este registro!
|
MARC
| LEADER | 00000nam a22000007a 4500 | ||
|---|---|---|---|
| 003 | CL-VaPUC | ||
| 005 | 20220822115906.0 | ||
| 008 | 210608b ||||| |||| 00| 0 eng d | ||
| 999 | |c 433044 |d 433042 | ||
| 020 | |a 9788494388286 | ||
| 040 | |c Pontificia Universidad Católica de Valparaíso | ||
| 041 | 0 | |a spa | |
| 082 | 0 | 4 | |2 21 |a 923.1 JOH 2016 |
| 100 | 1 | |a Johnson, Paul |e autor |9 861278 | |
| 245 | 1 | 0 | |a Churchill |
| 250 | |a Primera edición | ||
| 260 | 3 | |a Madrid, España |b Avarigani editores, S.A.U. |c 2016 | |
| 300 | |a 183 páginas | ||
| 490 | |a Historia | ||
| 500 | |a Donación VRA N. Vásquez L. | ||
| 583 | |c 20210608 |k Daniel Castañeda | ||
| 600 | 0 | |a Churchill, Winston Leonard Spencer |x Ministro |z Inglaterra |v Biografías |9 583131 | |
| 650 | 0 | 0 | |9 453782 |a Políticos y gobernantes |y Segunda guerra mundial |x Historia de Europa |
| 700 | 1 | |a Ruiz Sanjuán, César |e traductor |9 861279 | |
| 942 | |2 ddc |c BK | ||
| 952 | |0 0 |1 0 |2 ddc |4 0 |6 923_100000000000000_JOH_2016 |7 0 |8 A |9 578054 |a BIBHIS |b BIBHIS |d 2021-06-08 |i 5621917 |o 923.1 JOH 2016 |p 5621917 |r 2025-01-20 |t 1 |w 2021-06-08 |y BK |k HIS | ||